| 000 | 01811nam a2200481 c 4500 | ||
|---|---|---|---|
| 001 | 21976 | ||
| 003 | ES-MaCES | ||
| 005 | 20150428133455.0 | ||
| 008 | 090311s2008 sp bd t 000 | spa d | ||
| 017 |
_aB 53740-2008 _bDL |
||
| 035 | _aCES20090003036m | ||
| 040 |
_aES-MaCES _bspa _cES-MaCES |
||
| 245 | 0 | 3 |
_aLa inmigración en la encrucijada _b: anuario de inmigración en España : edición 2008 _cEliseo Aja, Joaquín Arango y Josep Oliver Alonso (eds.) |
| 260 |
_a[Madrid] _bCcámaras [etc.] _c[2008] |
||
| 300 |
_a243 p. _bgráf., mapas col. _c27 cm |
||
| 500 | _aAnteriormente, bajo el tít.: Anuario de la inmigración y políticas de inmigracioón 2006 | ||
| 504 | _aBibliografía | ||
| 541 | _cCompra | ||
| 650 | 4 |
_ainmigración _928632 |
|
| 650 | 4 |
_ainmigrante _928631 |
|
| 650 | 4 |
_aextranjero _928630 |
|
| 650 | 4 |
_apolítica migratoria _929183 |
|
| 650 | 4 |
_apolítica comunitaria _930776 |
|
| 650 | 4 |
_asituación jurídica _927172 |
|
| 650 | 4 |
_aintegración social _927283 |
|
| 650 | 4 |
_atrabajador migrante _928408 |
|
| 650 | 4 |
_alegislación _927153 |
|
| 650 | 4 |
_ajurisprudencia _928624 |
|
| 650 | 4 |
_aEspaña _926964 |
|
| 650 | 4 |
_aComunidades Autónomas _930768 |
|
| 650 | 4 |
_a2008 _931908 |
|
| 650 | 4 |
_aanuario _928963 |
|
| 653 | 1 | 0 | _aCiencias Sociales-Políticas |
| 700 | 1 |
_aArango, Joaquín _eed. lit. _96431 |
|
| 700 | 1 |
_aOliver Alonso, Josep _eed. lit. _919929 |
|
| 710 | 2 |
_aConsejo Superior de las Cámaras Oficiales de Comercio, Industria y Navegación de España _eed. _92538 |
|
| 787 | 0 |
_tLa inmigración en tiempos de crisis _w(ES-MaCES)22820 |
|
| 787 | 0 |
_tLa inmigración en España en 2006 _w(ES-MaCES)20846 |
|
| 700 | 1 |
_95739 _aAja Fernández, Eliseo _eed. lit. |
|
| 902 | _aLIB Libro | ||
| 942 |
_2CES _cBK _h7.0. |
||
| 999 |
_c21976 _d21976 |
||